000 01103nam a2200289 a 4500
001 42345
003 BD-RjUL
005 20211209053528.0
008 160611s1967 enk b 000 0 eng
035 _a(BD-RjUL)42463
040 _aDLC
_cDLC
_dBD-RjUL
_beng
041 1 _aengfre
082 0 0 _a327.43073
_219
_bFRP 1967
100 1 _aFriedländer, Saul
_d1932-
_9130245
245 1 0 _aPrelude to downfall: Hitler and the United States 1939-1941 /
_ctranslated from the French by Aline B. and Alexander Werth.
260 _aLondon :
_bChatto & Windus,
_c1967.
300 _axi, 328, ix p. ;
_c21 cm.
350 _a42/-
500 _aOriginally issued as thesis, Geneva, under title: Le rôle du facteur americain dans la politique etrangère et militaire de l'Allemagne.
504 _aBibliography: p. 315-328.
600 1 0 _aHitler, Adolf,
_d1889-1945.
_9128859
650 0 _aWorld War, 1939-1945
_zGermany.
_9130246
651 0 _aGermany
_xForeign relations
_zUnited States.
_9130247
651 0 _aUnited States
_xForeign relations
_zGermany.
_9130248
942 _2ddc
_cBK
999 _c42345
_d42345